000 00614nam a22002417a 4500
003 UA-OsUOA
001 46047
007 ta
008 20070530b un ||||| |||| 00| 0 ukr d
100 _aБогатирчук
090 _a821.161.2-92
_bБ73
942 _cBK
040 _aUA-OsUOA
_bukr
_cUA-OsUOA
_dUA-OsUOA
245 _aВ ім'я нації
300 _a68 с.
955 _a4
041 _aukr
080 _a821.161.2-92
020 _a966-8331-15-Х
260 _aК.
_bДіокор
_c2005
650 7 _a82 Література. Літературознавство
_2UDC
999 _c332132
_d332132